LIBRARY & INFORMATION CENTRE, KCAET, TAVANUR

ONLINE PUBLIC ACCESS CATALOGUE (OPAC)

Rice production & utilization / (Record no. 22)

MARC details
000 -LEADER
fixed length control field 00541cam a2200229ua 4500
020 ## - INTERNATIONAL STANDARD BOOK NUMBER
ISBN 0-87055-332-1
041 ## - LANGUAGE CODE
Language code of text/sound track or separate title eng
082 ## - DEWEY DECIMAL CLASSIFICATION NUMBER
Classification number 633.18
Item number LUH/RI
100 ## - MAIN ENTRY--AUTHOR NAME
Personal name Lub, Bor S .
245 ## - TITLE STATEMENT
Title Rice production & utilization /
250 ## - EDITION STATEMENT
Edition statement 1 /
260 ## - PUBLICATION, DISTRIBUTION, ETC. (IMPRINT)
Place of publication :
Name of publisher AVI Publishing Company ,
Year of publication 1980.
300 ## - PHYSICAL DESCRIPTION
Number of Pages 925 ; .
650 ## - SUBJECT ADDED ENTRY--TOPICAL TERM
Topical Term Development
650 ## - SUBJECT ADDED ENTRY--TOPICAL TERM
Topical Term Growth
650 ## - SUBJECT ADDED ENTRY--TOPICAL TERM
Topical Term Rice culture
942 ## - ADDED ENTRY ELEMENTS (KOHA)
Koha item type Books
003 - CONTROL NUMBER IDENTIFIER
control field @
003 - CONTROL NUMBER IDENTIFIER
control field OSt
Holdings
Withdrawn status Lost status Damaged status Home library Current library Date acquired Full call number Accession Number Koha item type
      KAUAET KAUAET 02/09/1986 633.18 15652 Books
free website counter